JOURNEY TO THE CENTRE OF THE EARTH (Record no. 216538)

MARC details
000 -LEADER
fixed length control field 00420nam a22001577a 4500
008 - FIXED-LENGTH DATA ELEMENTS--GENERAL INFORMATION
fixed length control field 260204b |||||||| |||| 00| 0 eng d
020 ## - INTERNATIONAL STANDARD BOOK NUMBER
International Standard Book Number 987-0-099-52849-4
050 ## - LIBRARY OF CONGRESS CALL NUMBER
Classification number PQ2469 .V47 2011
100 ## - MAIN ENTRY--PERSONAL NAME
Personal name VERNE, JULES
245 ## - TITLE STATEMENT
Title JOURNEY TO THE CENTRE OF THE EARTH
260 ## - PUBLICATION, DISTRIBUTION, ETC.
Place of publication, distribution, etc. LONDON,
Name of publisher, distributor, etc. VINTAGE BOOKS,
Date of publication, distribution, etc. 2011,
300 ## - PHYSICAL DESCRIPTION
Extent 183 P, ILL
650 ## - SUBJECT ADDED ENTRY
Topical term or geographic name entry element JUVENILE LITERATURE
942 ## - ADDED ENTRY ELEMENTS (KOHA)
Source of classification or shelving scheme Library of Congress Classification
Koha item type Long Loan Book
Holdings
Withdrawn status Lost status Source of classification or shelving scheme Damaged status Not for loan Collection Home library Current library Shelving location Date acquired Inventory number Total checkouts Full call number Barcode Date last seen Date last checked out Copy number Price effective from Koha item type
    Library of Congress Classification     Arts & Social Sciences Kisii University Library Kisii University Library On Display 02/04/2026 111382 1 PQ 2469 .V47 2011 50396 03/14/2026 03/09/2026 1 02/04/2026 Long Loan Book
    Library of Congress Classification     Arts & Social Sciences Kisii University Library Kisii University Library On Display 02/04/2026 111383   PQ 2469 .V47 2011 50390 02/04/2026   2 02/04/2026 Long Loan Book
    Library of Congress Classification     Arts & Social Sciences Kisii University Library Kisii University Library On Display 02/04/2026 111384   PQ 2469 .V47 2011 50365 02/04/2026   3 02/04/2026 Long Loan Book
    Library of Congress Classification     Arts & Social Sciences Kisii University Library Kisii University Library On Display 02/04/2026 111385   PQ 2469 .V47 2011 50378 02/04/2026   4 02/04/2026 Long Loan Book
    Library of Congress Classification     Arts & Social Sciences Kisii University Library Kisii University Library On Display 02/04/2026 111386 2 PQ 2469 .V47 2011 50363 03/24/2026 03/12/2026 5 02/04/2026 Long Loan Book